| 000 | 00460nam a22001577a 4500 | ||
|---|---|---|---|
| 999 |
_c18668 _d18668 |
||
| 008 | 201214b xxu||||| |||| 00| 0 eng d | ||
| 020 | _a0199533640 | ||
| 050 |
_aRC1206 _b.O94 2006 c.1 |
||
| 245 |
_aOxford Dictionary of Sports Science and medicine _cMichael Kent |
||
| 250 | _a3rd ed. | ||
| 260 |
_aNew York _bO.U.P. _c2006 |
||
| 300 | _avii, 612p. | ||
| 650 |
_aSports medicine _vDictionaries |
||
| 650 |
_aSports dictionary _vEnglish |
||
| 942 |
_2lcc _cBK |
||